|
|
|
|
| LEADER |
01005nam a2200241 a 4500 |
| 001 |
000606570 |
| 003 |
CZ BrMZK |
| 005 |
20110513111016.0 |
| 007 |
ta |
| 008 |
020617s1976 xr f cze d |
| 040 |
|
|
|a BOA001
|b cze
|c BOA001
|
| 100 |
1 |
|
|a Kiša, Engelbert,
|d 1927-1981
|7 jk01060217
|4 aut
|
| 245 |
1 |
0 |
|a Projekt modernizace výuky organická chemie na gymnasiu /
|c Engelbert Kiša a kolektiv
|
| 250 |
|
|
|a 1. vyd.
|
| 260 |
|
|
|a Brno :
|b Univerzita J.E. Purkyně,
|c 1976
|
| 300 |
|
|
|a 70 s.
|
| 490 |
1 |
|
|a Folia Facultatis scientiarum naturalium Universitatis Purkynianae Brunensis. Acta ;
|v t. 17, 1976, acta 6, op. 13
|
| 504 |
|
|
|a Obsahuje bibliografii
|
| 830 |
|
0 |
|a Folia Facultatis scientiarum naturalium Universitatis Purkynianae Brunensis.
|p Acta
|
| 910 |
|
|
|a BOA001
|b 2-0783.162
|
| 990 |
|
|
|a BK
|
| 996 |
7 |
|
|b 2619355701
|c 2-0783.162
|l MZK
|r Sklad / do 1 hodiny
|n 0
|w 000606570
|u 000020
|a 1
|e BOA001
|j MZK50
|s A
|
| 996 |
6 |
|
|b 2619355702
|c 2-0783.162
|l MZK
|r Sklad / do 1 hodiny
|n 0
|w 000606570
|u 000010
|a 1
|e BOA001
|j MZK50
|s P
|